000 01875cam a2200133 4500500
005 20260322000821.0
041 _afre
042 _adc
100 1 0 _aOtte, Marcel
_eauthor
245 0 0 _aL' Audace de Sapiens : Comment l'humanité s'est constituée
260 _bOdile Jacob,
_c2018.
520 _aOn ne peut expliquer la fulgurante expansion d’Homo sapiens sur toute la Terre que par la puissance totale accordée à son audace, à son imagination et à sa quête d’autonomie.Par l’action de sa pensée, l’homme a en effet combattu les lois biologiques et a défié toutes les contraintes environnementales, sans jamais s’y réduire. Cette succession de défis surmontés se trouve, par exemple, illustrée dans l’acquisition de la bipédie, le façonnement d’outils, la construction d’abris élaborés, le contrôle du feu, les pratiques rituelles, l’élaboration de récits mythiques, les créations artistiques…Pour le préhistorien Marcel Otte, il est temps de réinjecter intelligence, responsabilité et lucidité dans la lecture de la prodigieuse aventure humaine, celle qui nous a apporté tant d’émerveillements, de fascinations, de rêves. Ces populations ont tout inventé, du plus beau au plus utile, mais aussi au plus fatal, guidées par leur seule audace !La grande aventure d’Homo sapiens, richement illustrée, avec ses contraintes, ses défis et ses conquêtes !Marcel Otte est professeur de préhistoire à l’Université de Liège. Auteur de nombreux ouvrages de référence, il est spécialiste des échanges culturels durant le paléolithique et dirige de nombreuses fouilles en Europe et en Asie. Il a notamment publié À l’aube spirituelle de l’humanité. Une nouvelle approche de la préhistoire.
856 4 1 _uhttps://shs.cairn.info/l-audace-de-sapiens--9782738143648?lang=fr&redirect-ssocas=7080
999 _c1709607
_d1709607